Pricing different lease lengths. (Record no. 101205)

MARC details
000 -LEADER
fixed length control field 00605cam a2200217 4500
001 - CONTROL NUMBER
control field J111135
008 - FIXED-LENGTH DATA ELEMENTS--GENERAL INFORMATION
fixed length control field 000000n2000 000 0 eng u
035 ## - SYSTEM CONTROL NUMBER
System control number (Sirsi) u111135
050 ## - LIBRARY OF CONGRESS CALL NUMBER
Classification number 346.4104343
110 ## - MAIN ENTRY--CORPORATE NAME
Corporate name or jurisdiction name as entry element Legal and General Investment Management
9 (RLIN) 4052
245 ## - TITLE STATEMENT
Title Pricing different lease lengths.
260 ## - PUBLICATION, DISTRIBUTION, ETC.
Place of publication, distribution, etc. London
Name of publisher, distributor, etc. Legal & General
Date of publication, distribution, etc. 2000
300 ## - PHYSICAL DESCRIPTION
Extent 5p. ; 30cm.
650 ## - SUBJECT ADDED ENTRY--TOPICAL TERM
Topical term or geographic name entry element COMMERCIAL LEASES
650 ## - SUBJECT ADDED ENTRY--TOPICAL TERM
Topical term or geographic name entry element LEASES
650 ## - SUBJECT ADDED ENTRY--TOPICAL TERM
Topical term or geographic name entry element LEASE LENGTH
650 ## - SUBJECT ADDED ENTRY--TOPICAL TERM
Topical term or geographic name entry element BUSINESS TENANCIES
650 ## - SUBJECT ADDED ENTRY--TOPICAL TERM
Topical term or geographic name entry element PROPERTY INVESTMENT
690 ## - LOCAL SUBJECT ADDED ENTRY--TOPICAL TERM (OCLC, RLIN)
Topical term or geographic name as entry element LANDLORD AND TENANT-BUSINESS TENANCIES
942 ## - ADDED ENTRY ELEMENTS (KOHA)
Suppress in OPAC 0
Holdings
Withdrawn status Lost status Source of classification or shelving scheme Damaged status Not for loan Home library Current library Shelving location Date acquired Total Checkouts Full call number Barcode Date last seen Date last checked out Copy number Price effective from Koha item type
    Dewey Decimal Classification     London London Pamphlets 26/02/2001 2 P346.4104343 LEG 30063666 06/08/2019 18/11/2002 1 06/08/2019 Book